000 00547nam a2200217 a 4500
999 _c8538
_d8538
001 8538
003 BD-JhCC
005 20180227085245.0
008 180227s1984 e a|||| || | 001 0 eng d
035 _a(BD-JhCC)8538
040 _aBD-JhCC
_dBD-JhCC
041 _aeng
082 _a611.9
_bLAS 1984
100 _aLast, R. J.
245 _aAnatomy Regional and Applied /
_c R. J. Last,
260 _aLondon :
_bLongman Group Ltd,
_c1984
300 _a612 p. :
_c25 cm.
650 _aAnatomy, Surgical and
942 _2ddc
_cBK